00974nam a2200253 a 450000100100000000500170001000800410002704000180006808200170008610000450010324500910014826000350023930000320027449000310030650400740033765000290041165000310044070000560047183000390052791000070056604900090057395201210058299900170070300001843620200929165517.0100506s1941 sp 000 p spa d aDO-SdBNPbspa a861.3bH565p1 aHerrera, Fernando de,d1534?-159791194810aPoesías /cFernando de Herrera ; edición y notas de Don Vicente García de Diego. aMadrid :bEspasa-Calpe,c1941. axxiv, 201, [2] p. ;c19 cm.1 aClásicos castellanosv26 aIncluye referencias bibliográficas y notas al pie de las páginas. 4aPoesía española9631 4aLiteratura española96321 aGarcía de Diego, Vicente,d1878-1978,eed.939850 0aClásicos castellanos ;v2694180 aWM aBNGR 001054708MOaGRbGRcHDd2010-05-06iLF1l0o861.3 H565pp18436-10r2020-06-25w2020-06-25y4ZPréstamo en sala c17956d17956